Wilderness Europe
Saved in:
| Main Author: | |
|---|---|
| Corporate Author: | |
| Format: | Book |
| Language: | English |
| Published: |
Amsterdam :
Time-Life Books,
c1976
|
| Series: | World's wild places
|
| Subjects: | |
| Tags: |
Add Tag
No Tags, Be the first to tag this record!
|
MARC
| LEADER | 00000cam a2200000 i 4500 | ||
|---|---|---|---|
| 001 | 1/41807 | ||
| 008 | 941103s1976 eng d | ||
| 020 | |a 0-7054-0159-6 | ||
| 035 | |a 1994 |l 10041603 | ||
| 040 | |a GR-MY-UA |b gre |e aacr | ||
| 041 | 0 | |a eng | |
| 082 | 0 | |a 508.4 | |
| 100 | 1 | |a Botting, Douglas. | |
| 245 | 1 | 0 | |a Wilderness Europe / |c by Douglas Botting and the editors of Time-Life Books |
| 260 | |a Amsterdam : |b Time-Life Books, |c c1976 | ||
| 300 | |a 184 p.; |b ill.; |c 27 cm. | ||
| 490 | 1 | |a (The World's wild places) | |
| 500 | |a Includes bibliography and index | ||
| 650 | 0 | 0 | |a Natural history |z Europe. |
| 651 | 0 | |a Europe |x Description and travel. | |
| 710 | 2 | |a Time-Life Books. | |
| 830 | 0 | |a World's wild places | |
| 852 | |a INST |b SAMOS |e 19941103 |h 508.4 BOT |p 005300009102 |q 005300009102 |t BK |y 0 | ||
| 909 | |a Σ |b 034220 | ||